00695nam a22001697a 4500003000900000008004100009040007100050082001500121100002000136245003000156260003400186300005000220440006100270505014300331650001900474700003200493AR-CdUCM190319b ||||| |||| 00| 0 spa d aMUNICIPALIDAD PROVINCIAL DEL CUSCOcBIBLIOTECA MUNICIPAL DEL CUSCO a510 /bM31 aMaxwell, E. A.  aGeometría Analítica / aEspaña :bAlhambra ;c1968. a244 páginas ;bDiagramas, fórmulas c20cm aColección Exedra - Ciencia Técnica Ingeniería n45 aContenido: Coordenadas, cosenos directos, proyección -- La línea recta y el plano -- Vectores -- Tensores -- La esfera y el circulo... aMatemáticas  aFleitas Morales, Guillermo